000 00627 a2200217 4500
999 _c5444
_d5444
020 _a9788177544152
050 _aS591 GUP 2012
100 _aGupta, P. K..
_eauthor
245 _aA handbook of soil, fertilizer and manure /
_cP. K. Gupta
250 _a2nd edition
264 _aJodphur :
_bAgrobios,
_c2012.
300 _a564p. :
_bill.
500 _aIncludes glossary
650 _aSoils -- Handbooks, manuals
650 _aFertilizers -- Handbooks, manuals
650 _aManures -- Handbooks, manuals
650 _aFertilizers.
650 _aManures.
650 _aSoils.
942 _2lcc
_cBK
_e2nd edition
_h591
_iGUP
_kS